Optimalizácia podpory podnikových procesov v prostredí IS SAP R/3 (SAP Hana) diplomová práca

Na minha lista:
Detalhes bibliográficos
Autor principal: Ondrej, Šimon
Autor Corporativo: Fakulta podnikového manažmentu EU. Katedra informačného manažmentu
Outros Autores: Romanová, Anita, 1973-
Formato: Livro
Idioma:eslovaco
Publicado em: Bratislava 2025
Tags: Adicionar Tag
Sem tags, seja o primeiro a adicionar uma tag!

MARC

LEADER 00000nbm a2200000 4500
001 0309957
005 20260114093146.7
041 0 |a slo 
044 |a SK 
245 1 0 |a Optimalizácia podpory podnikových procesov v prostredí IS SAP R/3 (SAP Hana)  |b diplomová práca  |c Šimon Ondrej ; školiteľ: Anita Romanová 
264 1 |a Bratislava  |c 2025 
300 |a 66 s. 
100 1 |a Ondrej, Šimon 
700 1 |a Romanová, Anita, 1973- 
710 2 |a Fakulta podnikového manažmentu EU. Katedra informačného manažmentu